000 00458nam a2200181Ia 4500
001 4282
005 20260306145744.0
008 260306t2010||||xx |||||||||||||| ||spa||
041 _aESP
082 _a320.1
_bT19
100 _aTanaka, Martín (Ed.)
_eAUT
245 0 _aEl estado, viejo desconocido:
_bvisiones del estado en el Perú
260 _c2010
300 _a351 páginas :
_c20 cm.
650 _aGEN
654 _aCDE
942 _cLIB
_dJUS
_fJUS
_2ddc
_n
999 _c4282
_d4282